Richard Parsons Ltd v Bristol City Council (Record no. 79735)
[ view plain ]
| 000 -LEADER | |
|---|---|
| fixed length control field | 01507cad a22002175a 4500 |
| 001 - CONTROL NUMBER | |
| control field | L142158 |
| 008 - FIXED-LENGTH DATA ELEMENTS--GENERAL INFORMATION | |
| fixed length control field | 080125e20070904xxk f v 000 0 eng d |
| 035 ## - SYSTEM CONTROL NUMBER | |
| System control number | (Sirsi) u142158 |
| 041 0# - LANGUAGE CODE | |
| Language code of text/sound track or separate title | eng |
| 245 00 - TITLE STATEMENT | |
| Title | Richard Parsons Ltd v Bristol City Council |
| Medium | [electronic resource] |
| 260 ## - PUBLICATION, DISTRIBUTION, ETC. | |
| Date of publication, distribution, etc. | 2007 |
| 520 ## - SUMMARY, ETC. | |
| Summary, etc. | [2007] EWLands ACQ 190 2006. 4 September 2007. Compensation for compulsory purchase should take into consideration other savings made by the business owner. A retail tenant claimed compensation from the City Council after his shop was compulsorily purchased to build a new shopping centre. The council argued that the retailer would have been liable for the cost of dilapidations, had it not been for the compulsory purchase which relieved the recipient of certain liabilities and that the amount awarded in compensation should reflect this. Held: the Lands Tribunal agreed with the council in principle that breaches of the repair obligation should be taken into consideration, but compensation will be assessed by valuers at a later date. |
| 590 ## - LOCAL NOTE (RLIN) | |
| Local note | KA |
| 650 24 - SUBJECT ADDED ENTRY--TOPICAL TERM | |
| Topical term or geographic name entry element | LANDS TRIBUNAL ACT 1949 |
| 650 24 - SUBJECT ADDED ENTRY--TOPICAL TERM | |
| Topical term or geographic name entry element | RICHARD PARSONS LTD V BRISTOL CITY COUNCIL |
| 650 24 - SUBJECT ADDED ENTRY--TOPICAL TERM | |
| Topical term or geographic name entry element | TOWN AND COUNTRY PLANNING ACT 1990 |
| 651 #4 - SUBJECT ADDED ENTRY--GEOGRAPHIC NAME | |
| Geographic name | England and Wales |
| Chronological subdivision | 1543- |
| 690 ## - LOCAL SUBJECT ADDED ENTRY--TOPICAL TERM (OCLC, RLIN) | |
| Topical term or geographic name as entry element | ENVIRONMENTAL AND LAND CONSULTANCY-PLANNING AND DEVELOPMENT-COMPULSORY PURCHASE AND COMPENSATION |
| 856 40 - ELECTRONIC LOCATION AND ACCESS | |
| Uniform Resource Identifier | <a href="www.bailii.org/ew/cases/EWLands/2007/ACQ_190_2006.html">www.bailii.org/ew/cases/EWLands/2007/ACQ_190_2006.html</a> |
| Public note | View the judgment free of charge at www.bailii.org... |
| 942 ## - ADDED ENTRY ELEMENTS (KOHA) | |
| Suppress in OPAC | 0 |
| Withdrawn status | Lost status | Source of classification or shelving scheme | Damaged status | Not for loan | Home library | Current library | Shelving location | Date acquired | Total Checkouts | Full call number | Barcode | Date last seen | Copy number | Price effective from | Koha item type |
|---|---|---|---|---|---|---|---|---|---|---|---|---|---|---|---|
| Dewey Decimal Classification | Virtual | Virtual | Online | 25/01/2008 | ONLINE PUBLICATION | 142158-2001 | 06/08/2019 | 1 | 06/08/2019 | Law report |